000 00606nam a2200169 a 4500
001 000026894
005 20200930030456.0
008 110328s1972 dr 000 0 spa d
040 _aDO-SdBNP
_bspa
_cBNPHU
082 _axxxx
_bR426a
110 1 _aRepública Dominicana.
_bInstituto Américano de Banca.
_bSección de la Asociación Américana de Banqueros
_954003
245 1 0 _aAnálisis de estados financieros :
_bDerechos literarios 1970, 1976, 1951, 1948.
260 _aSanto Domingo :
_b[s.n.],
_c1972.
300 _a653 p. ;
_c20 cm.
500 _aIncluye notas al pie de las páginas.
049 _aBNPD
999 _c26386
_d26386